Okrúhlica

Bibliographic Details
Main Author: Valšíková-Frey, Magdaléna, 1947- (Author)
Format: Article
Language:Slovak
ISSN:0862-5565
Subjects:

MARC

LEADER 00000nab a2200000 a 4500
001 vtls000784966
003 SK-MaSNL
005 20260303193612.0
008 180205c2001 xo 0 slo
015 |a SNBRB2002/02-07269 
035 |a CLN000136637 
040 |a SNKBUCL  |b slo  |c SNKBUCL  |e AACR2 
041 0 |a slo 
044 |a xo  |c SK 
080 |a 635.12  |2 UDC-MRF-SK2 
100 1 |a Valšíková-Frey, Magdaléna,  |d 1947-  |4 aut  |9 193550 
245 1 0 |a Okrúhlica  |c M. Valšíková 
650 0 7 |a okrúhlica  |x pestovanie  |2 snkbucl  |9 1224949 
655 7 |a články z novín a časopisov  |2 snkbucl  |9 267496 
773 0 |x 0862-5565  |t Záhradkár  |g Roč. 37, č. 11 (2001), s. 25 
850 |a Slovenská národná knižnica v Martine 
852 |a SNK  |b KIS3GCP 
958 |a RBX 
999 |c 2153237  |d 2155167